000 01410nam a22003137a 4500
005 20080918163843.0
008 080918t xxu||||| |||| 00| 0 mar d
010 _aMAR-20835
020 _c100.00
_a9788172947521
035 _aMR-13493
037 _bDBAD / PUB
040 _aDPL
_bMAR
082 _a891.46301
100 _9747
_aमुरगोडी, गिरिजा
245 _aविधिसंकेतः
_cगिरिजा मुरगोडी
_bकथासंग्रह /
246 _aVidhisanket
_bby Giriraj Murgodi
260 _aपुणे
_bदिलीपराज प्रकाशन
_c2009
270 _a251 क, शनिवार पेठ
_bपुणे
_e411030
300 _a112पृ.
_c22सेमी (अजिल्द)
650 _9697
650 _9698
700 _927881
700 _927882
700 _927883
942 _2ddc
_cHN
_mमुरगो
_h891.46301
999 _c52443
_d52443